Music Quiz

Random Music or Song Quiz

'Girls Just Want To Have Fun' Lyrics Quiz Stats

 Plays Quiz Updated Jan 2, 2015

Score 0/161 Timer 06:00
2 Plays Today
% Correct
wanna
98.5%
wanna
98.5%
wanna
98.5%
wanna
98.5%
wanna
98.5%
wanna
98.5%
wanna
98.5%
wanna
98.5%
wanna
98.5%
wanna
98.5%
wanna
98.5%
fun.
98.4%
fun.
98.4%
fun.
98.4%
fun...
98.4%
fun.
98.4%
fun.
98.4%
fun.
98.4%
fun...
98.4%
fun,
98.4%
fun.
98.4%
have
98.3%
have
98.3%
have
98.3%
have...
98.3%
have
98.3%
have
98.3%
have
98.3%
have...
98.3%
have
98.3%
have
98.3%
the
98.1%
the
98.1%
And
98.1%
The
98.1%
the
98.1%
the
98.1%
the
98.1%
a
98.1%
And
98.1%
the
98.1%
the
98.1%
the
98.1%
the
98.1%
the
98.1%
just
97.9%
just
97.9%
just
97.9%
just
97.9%
just
97.9%
girls
96.8%
girls
96.8%
girls
96.8%
girls
96.8%
% Correct
Girls,
96.8%
girls
96.8%
girls
96.8%
girls
96.8%
Girls
96.8%
girls
96.8%
Oh
96.3%
Oh,
96.3%
Oh
96.3%
Oh,
96.3%
Oh,
96.3%
Oh,
96.3%
Oh,
96.3%
Oh
96.3%
girl
94.1%
I
92.7%
I
92.7%
you
88.9%
you
88.9%
you
88.9%
they
88.2%
they
88.2%
they
88.2%
they
88.2%
they
88.2%
they
88.2%
they
88.2%
in
87%
in
87%
in
87%
one,
83.5%
one
83.5%
your
83.5%
your
83.5%
want...
82.9%
want...
82.9%
do
82.7%
of
80.3%
of
80.3%
My
80.2%
My
80.2%
to
80%
life
79.4%
life?'
79.4%
gonna
78.7%
gonna
78.7%
night.
77.2%
'What
76.6%
'when
76.4%
When
76.4%
When
76.4%
daddy
75.3%
mother
74.5%
mother
74.5%
% Correct
with
73.3%
middle
73.2%
says,
73.1%
dear,
71.8%
dear,
71.8%
father
71.1%
be
70%
know
69.8%
you're
69.6%
But
69.5%
right?'
68.2%
still
67.8%
number
67.5%
live
67.2%
morning
65.7%
all
64%
all
64%
really
63.1%
really
63.1%
light.
62.8%
not
61.6%
phone
61.6%
rings
61.5%
fortunate
60.6%
is
60.4%
is
60.4%
Some
59.7%
Some
59.7%
Some
59.7%
That's
58.4%
That's
58.4%
sun.
58.1%
we're
57.1%
ones
56.7%
day
55%
day
55%
yells,
54.4%
come
53.6%
home
52.5%
world.
52.3%
walk
51.1%
done,
49.7%
done,
49.7%
from
48.8%
her
48.2%
rest
45.4%
boys
44.3%
away
44%
take
43.7%
hide
43.7%
working
43.5%
working
43.5%
beautiful
42.5%

You're not logged in!

Compare scores with friends on all Sporcle quizzes.
OR
Log In

Show Comments

Extras

Top Quizzes Today


Score Distribution

Your Account Isn't Verified!

In order to create a playlist on Sporcle, you need to verify the email address you used during registration. Go to your Sporcle Settings to finish the process.

Report this User

Report this user for behavior that violates our Community Guidelines.

Details: